[Event "74th Tata Steel GMA"]
[Site "Wijk aan Zee NED"]
[Date "2012.01.27"]
[Round "11"]
[White "Caruana, F."]
[Black "Giri, A."]
[Result "1-0"]
[WhiteElo "2736"]
[BlackElo "2714"]
[PlyCount "81"]
[EventDate "2012.01.14"]

1. d4 {Gelfand} d5 2. c4 c6 3. Nf3 Nf6 4. e3 a6 5. Nc3 b5 6. c5 ({RR} 6. b3 g6
({RR} 6... Bg4) 7. Be2 Bg7 8. O-O O-O 9. Ne5 Bb7 10. f4 Qd6 11. Bf3 Nbd7 12.
Qe2 Rab8 13. g4 Rfd8 14. g5 Ne8 15. Qg2 bxc4 16. bxc4 e6 17. Rb1 Ba8 18. c5 Qe7
19. Bd2 Rxb1 20. Rxb1 Rb8) 6... g6 7. Ne5 ({RR} 7. Be2 Bg7 8. Ne5 O-O 9. O-O
Be6 10. f4 Qc7 11. g4 Ne4 12. Bf3 f5 13. Bd2 Nd7 14. Be1 Nxe5 15. fxe5 Nxc3 16.
Bxc3 Bh6) 7... Bg7 8. f4 ({RR} 8. Bd3 O-O 9. O-O Bf5 10. Bxf5 gxf5 11. b4 a5
12. bxa5 Qxa5 13. Bd2 Qc7 14. a4 bxa4 15. Nxa4 Nbd7 16. Nd3 Ra7 17. Rb1 Ng4 18.
g3 e5 19. h3 Ngf6 20. Nb6 Re8 21. Nxd7 Nxd7 22. Bc3 e4 {Gashimov,V (2757)
-Laznicka,V (2703) San Sebastian ESP 2012 1/2-1/2 (54)}) 8... a5 9. Be2 ({RR} 
9. Bd3 Bf5 10. Bxf5 gxf5 11. Bd2 e6 12. Qe2 h5 13. O-O-O b4 14. Na4 Ne4 15. Nb6
Ra7 16. Nd3 Nd7 17. Nxd7 Kxd7 18. Rdg1 Qb8) 9... Qc7 10. O-O h5 $146 ({RR} 
10... Be6 11. Bd2 Nbd7 12. Be1 Ne4 13. Nxe4 dxe4 14. Qc2 f5 15. Nxd7 Qxd7 16.
a4 b4 17. Bc4 Bxc4 18. Qxc4 Bf6 19. Rd1 e6 20. Bg3 O-O 21. b3 h6 22. Kf2 Kh7
23. h4 Rg8 24. Rh1 Kg7 25. Ke2 {Karavade,E (2366)-Savchenko,S (2526) Dubai
2010 1/2-1/2 (50)}) ({RR} 10... O-O 11. a3 ({RR} 11. Bd3 Bf5 12. Bxf5 gxf5 13.
Bd2 Nbd7 14. Be1 e6 15. Rf3 Ne4 16. Nxe4 dxe4 17. Rh3 Rfe8 18. Nxd7 Qxd7 19.
Qh5 h6 20. Bh4 Ra7 21. Rg3 Kh7 22. Bg5 Rh8 23. Qh4 Qe8 24. Bf6 Bxf6 25. Qxf6
Rg8) 11... Be6 ({RR} 11... Ne4 12. Nxe4 dxe4 13. a4 b4 14. Qc2) 12. Bf3 Nbd7
13. Nd3 h6 ({RR} 13... Bf5) 14. g4 ({RR} 14. Bd2 Bf5 15. Nf2 g5) 14... Nh7 ({RR
} 14... h5 15. h3 hxg4 16. hxg4 g5 17. Kg2) 15. h4 f5 16. g5 hxg5 ({RR} 16...
h5 17. Ne2 Bf7 18. Ng3 e6 19. Bd2 Rfb8 20. Nxh5 gxh5 21. Bxh5 Bxh5 22. Qxh5
Ndf6 23. gxf6 Nxf6) 17. hxg5 Kf7 18. Kg2 Rfb8 19. Bd2 Nhf8 20. Be2 Ke8 21. Ne1
Bg8 22. Nf3 Rb7 23. Bd3 Nb8 24. Ne2 Qd8 25. Ng3 {Gelfand,B (2741)-Wang Yue 
(2752) Medias 2010 CBM 137 [Gelfand] 1-0 (82)}) 11. h3 Bf5 12. Bd2 Nbd7 13. Bf3
h4 14. Qe1 Ne4 15. Nxe4 dxe4 16. Be2 f6 17. Bxa5 Rxa5 18. Nxc6 Ra8 19. Bxb5 Be6
20. a4 f5 21. Qd2 Bf6 22. d5 Bf7 23. Rac1 Kf8 24. b4 Qc8 25. d6 exd6 26. cxd6
Qe8 27. Ne7 Be6 28. Rc7 Rh7 29. Nd5 Bd8 30. Rb7 Rc8 31. a5 Kg7 32. a6 Kh6 33.
a7 Qf8 34. Ne7 Nb6 35. Qf2 Rf7 36. Qxh4+ Kg7 37. Qg5 Bd5 38. Qxg6+ Kh8 39. Qh5+
Kg7 40. Nxf5+ Kg8 41. Ne7+ 1-0

[Event "74th Tata Steel GMA"]
[Site "Wijk aan Zee NED"]
[Date "2012.01.27"]
[Round "11"]
[White "Kamsky, G."]
[Black "Nakamura, Hi"]
[Result "1/2-1/2"]
[WhiteElo "2732"]
[BlackElo "2759"]
[PlyCount "88"]
[EventDate "2012.01.14"]

1. e4 c5 2. Nf3 d6 3. d4 cxd4 4. Nxd4 Nf6 5. Nc3 g6 6. Be3 Bg7 7. f3 O-O 8. Qd2
Nc6 9. O-O-O d5 10. exd5 Nxd5 11. Nxc6 bxc6 12. Bd4 Bxd4 13. Qxd4 Qb6 14. Na4
Qc7 ({RR} 14... Qa5 15. b3 Qc7 16. Re1 Nb6 17. Nc3 a5 18. Qe5 Qxe5 19. Rxe5 Be6
20. a4 Rfc8 21. Ne2 Kf8 22. Nf4 Bd7 23. Nd3 f6 24. Rc5 e5 25. Be2 Be6 26. Re1
Ke7 27. Bf1 Kd6 28. Rc3 Nd5 29. Rc4 {Leko,P (2762)-Radjabov,T (2757) Nanjing
2009 1/2-1/2 (32)}) 15. Bc4 Rb8 $146 ({RR} 15... Bf5 16. g3 Rad8 17. Qc5 Be6
18. Rhe1 Nf4 19. Nc3 Bxc4 20. Qxc4 Ne6 21. b3 Rd6 22. f4 Rfd8 23. Rxd6 exd6 24.
h4 d5 25. Qd3 d4 26. Ne4 Qa5 27. Kd1 Qxa2 28. h5 Qa1+ 29. Ke2 Qa5 30. Kf2 {
McDonald,N (2449)-Jones,G (2575) London ENG 2010 1/2-1/2 (59)}) ({RR} 15... Rd8
16. Bb3 Be6 17. Nc5 Nf4 18. Nxe6 Nxe6 19. Qe3 Nf4 20. g3 Nd5 21. Qg5 e6 22. Rd4
Rd7 23. Rhd1 {1/2-1/2 (23) Adams,M (2715)-Nielsen,P (2681) Khanty-Mansiysk RUS
2011}) ({RR} 15... Rd8 16. h4 Bf5 17. Bb3 Qg3 18. Qd2 Nf4 19. Qb4 e6 20. Qe7
Rxd1+ 21. Rxd1 Nxg2 22. a3 Qxh4 23. Qb7 Qf4+ 24. Kb1 Rb8 25. Qe7 Ne3 26. Rd7
Rf8 27. Nc5 Nd5 28. Bxd5 exd5 29. Rxa7 Qc4 30. a4 {Blomqvist,E (2438)-Nielsen,
P (2681) Helsingor DEN 2011 0-1 (31)}) 16. Rhe1 Rb4 17. b3 Qxh2 18. a3 Rb7 19.
Nc5 Rc7 20. g4 Qf4+ 21. Qxf4 Nxf4 22. b4 Kg7 23. Ba6 Ne6 24. Nxe6+ Bxe6 25. Re5
Rh8 26. Rc5 h5 27. Be2 Rd7 28. Rh1 hxg4 29. Rxh8 Kxh8 30. fxg4 Bd5 31. b5 Rd6
32. c4 Bg2 33. a4 Kg7 34. a5 cxb5 35. cxb5 Rd7 36. Bc4 e6 37. Kc2 Kf6 38. g5+
Ke7 39. Kc3 Kd6 40. Kb4 Re7 41. Rc8 Rb7 42. a6 Rd7 43. Bb3 Rc7 44. Rxc7 Kxc7
1/2-1/2

[Event "74th Tata Steel GMA"]
[Site "Wijk aan Zee NED"]
[Date "2012.01.27"]
[Round "11"]
[White "Aronian, L."]
[Black "Navara, D."]
[Result "0-1"]
[WhiteElo "2805"]
[BlackElo "2712"]
[PlyCount "120"]
[EventDate "2012.01.14"]

1. Nf3 Nf6 2. c4 g6 3. Nc3 d5 4. cxd5 Nxd5 5. Qb3 Nb6 6. d4 Bg7 7. e4 Bg4 8.
Bb5+ c6 9. Ng5 O-O 10. Be2 Bxe2 11. Nxe2 Na6 $146 ({RR} 11... N8d7 12. Qh3 h6
13. Nf3 h5 14. e5 c5 15. e6 cxd4 16. exf7+ Rxf7 17. Ng5 Rf5 18. g4 Rxg5 19.
Bxg5 Ne5 20. Nf4 Nbc4 21. gxh5 Qa5+ 22. Kf1 Nd2+ 23. Kg2 Nf7 24. Bxe7 g5 25.
Qg4 Re8 26. Rhe1 {Gordon,S (2535)-Bok,B (2488) Solingen GER 2011 1-0}) 12. Be3
Qd6 13. O-O Qb4 14. Qxb4 Nxb4 15. Rfc1 e5 16. Nf3 exd4 17. Bxd4 Rfe8 18. Bxg7
Kxg7 19. Ng3 Rad8 20. Ne1 Rd2 21. a3 Nd3 22. Nxd3 Rxd3 23. Rab1 Re5 24. Rd1
Rxd1+ 25. Rxd1 Rb5 26. b4 Nc4 27. Rd3 a5 28. bxa5 Rxa5 29. f4 Rxa3 30. Rd7 b5
31. e5 b4 32. e6 b3 33. Rxf7+ Kh6 34. Rb7 b2 35. Kf2 Ra7 36. Rb8 Ra8 37. Rb7
Ra2 38. Ne2 Nd6 39. e7 Nxb7 40. e8=Q b1=Q 41. Qf8+ Kh5 42. Qe7 Qb6+ 43. Kf3
Qb3+ 44. Kf2 Rxe2+ 45. Qxe2+ Kh6 46. g4 Nd8 47. Qe7 Ne6 48. Qh4+ Kg7 49. Qe7+
Kg8 50. Qe8+ Nf8 51. Qxc6 Qe6 52. Qf3 Nd7 53. h3 Kf7 54. Qc3 Qd5 55. Kg3 Nc5
56. Kh4 h6 57. Qh8 g5+ 58. fxg5 hxg5+ 59. Kh5 Qe4 60. Kxg5 Ne6+ 0-1

[Event "74th Tata Steel GMA"]
[Site "Wijk aan Zee NED"]
[Date "2012.01.27"]
[Round "11"]
[White "Gashimov, V."]
[Black "Radjabov, T."]
[Result "0-1"]
[WhiteElo "2761"]
[BlackElo "2773"]
[PlyCount "106"]
[EventDate "2012.01.14"]

1. e4 c5 2. Nc3 e6 3. Nf3 Nc6 4. d4 cxd4 5. Nxd4 Nf6 6. Nxc6 bxc6 7. e5 Nd5 8.
Ne4 Qc7 9. f4 Qa5+ 10. c3 Be7 11. Bd3 f5 ({RR} 11... Qb6 12. Qe2 Bb7 13. a3 f5
14. exf6 Nxf6 15. Be3 c5 16. Nxf6+ gxf6 17. O-O O-O-O 18. b4 Rhg8 19. Rf2 f5
20. Kf1 Bh4 21. Bxc5 Qc7 22. g3 Qc6 23. Ke1 Bf6 24. Rc1 Kb8 25. Qe3 a6 26. Be2
{Smeets,J (2515)-Carlsen,M (2581) Schagen 2005 1/2-1/2 (80)}) ({RR} 11... Qb6
12. c4 f5 13. Nf2 Ne3 14. Qf3 Qb4+ 15. Bd2 Qxb2 16. Ke2 Nc2 17. Bxc2 Qxc2 18.
Qb3 Qxb3 19. axb3 c5 20. Nd3 Bb7 21. Be3 Kf7 22. Bxc5 Bxc5 23. Nxc5 Bxg2 24.
Rhd1 Rhd8 25. Ra6 Ke7 26. Rg1 {Lillo Castay,V (2284)-Vehi Bach,V (2405)
Figueres ESP 2010 1-0}) 12. Nf2 $146 ({RR} 12. exf6 Nxf6 13. O-O Ba6 14. Nxf6+
Bxf6 15. Bxa6 Qxa6 16. Be3 Qb7 17. f5 exf5 18. Bc5 O-O-O 19. Bd6 Rhe8 20. Rxf5
Re6 21. Bg3 Rde8 22. Rf2 Qb6 23. h3 Re3 24. Qg4 R8e6 25. Kh1 h5 26. Qg6 h4 {
Landa,K (2460)-Kozlov,V (2360) Kobanya 1991 1/2-1/2 (52)}) ({RR} 12. exf6 Nxf6
13. Qe2 Nxe4 14. Qxe4 Ba6 15. O-O Bxd3 16. Qxd3 Qd5 17. Qe2 Bc5+ 18. Kh1 Qf5
19. Be3 Bb6 20. Rad1 Qe4 21. Rfe1 {1/2-1/2 (21) Weeks,M (2245)-Haag,M (2290)
Suncoast 1999}) ({RR} 12. exf6 Nxf6 13. O-O Ba6 14. Nxf6+ Bxf6 15. f5 Bxd3 16.
Qxd3 e5 17. Be3 d5 18. Qe2 O-O 19. Qf2 Rf7 20. Kh1 Rd7 21. Bc5 Re8 22. a4 Be7
23. Bxe7 Rdxe7 24. f6 Rf7 25. Qg3 Qc7 26. fxg7 Rxg7 {Epding,O (2200)-Stross,F 
(2260) Bayern 2008 0-1 (38)}) 12... O-O 13. O-O Qc7 14. Be2 d6 15. c4 Nb6 16.
c5 dxc5 17. b3 a5 18. Bc4 a4 19. Be3 Nd5 20. Qe2 Qb6 21. Bd2 Ba6 22. Nd3 Bb5
23. Kh1 Qa6 24. Rac1 axb3 25. axb3 Bxc4 26. bxc4 Nb4 27. Be3 Rfd8 28. Ne1 Qa2
29. Qxa2 Rxa2 30. Rf2 Ra3 31. Re2 Kf7 32. Kg1 h6 33. Kf1 g5 34. g3 Rd7 35. Rd2
Rda7 36. Bf2 Rb3 37. Kg2 Ke8 38. Kf1 Raa3 39. Rcd1 gxf4 40. gxf4 Rc3 41. Bxc5
Bxc5 42. Rd8+ Kf7 43. R1d7+ Kg6 44. Rg8+ Kh5 45. Rh7 Rf3+ 46. Nxf3 Rxf3+ 47.
Kg2 Rxf4 48. Rgh8 Rg4+ 49. Kh3 Nd3 50. Rxh6+ Kg5 51. Rg8+ Kxh6 52. Rh8+ Kg5 53.
Rh5+ Kf4 0-1

[Event "74th Tata Steel GMA"]
[Site "Wijk aan Zee NED"]
[Date "2012.01.27"]
[Round "11"]
[White "Van Wely, L."]
[Black "Karjakin, Sergey"]
[Result "0-1"]
[WhiteElo "2692"]
[BlackElo "2769"]
[PlyCount "110"]
[EventDate "2012.01.14"]

1. c4 Nf6 2. Nc3 e5 3. Nf3 Nc6 4. d3 d5 5. cxd5 Nxd5 6. e3 Be7 7. Be2 O-O 8.
O-O Be6 9. a3 a5 10. Qc2 f5 11. Na4 ({RR} 11. Re1 Kh8 12. Bf1 Bg8 13. Rb1 Qd6
14. Nb5 Qg6 15. Kh1 e4 16. Nd2 exd3 17. Bxd3 Ne5 18. Bf1 Ng4 19. Nf3 Ndf6 20.
Re2 Ne4 21. h3 c6 22. Nbd4 Bd5 23. hxg4 fxg4 24. Nh2 g3 25. Nhf3 gxf2 {Pap,G 
(2508)-David,A (2622) Porto San Giorgio ITA 2010 0-1}) 11... Qd6 $146 ({RR} 
11... Kh8 12. b3 Bf6 13. Nc5 Bc8 14. Bb2 Qe8 15. Rac1 b6 16. Na4 Bb7 17. Rfd1
Rd8 18. Nc3 Nce7 19. Ne4 fxe4 20. dxe4 Nxe3 21. fxe3 Rxd1+ 22. Rxd1 Nc6 23. Bb5
Qe6 24. Qc4 Qxc4 25. Bxc4 Rd8 26. Rc1 {Kempinski,R (2596)-Sprenger,J (2536)
Germany 2008 1/2-1/2 (57)}) ({RR} 11... Kh8 12. Nc5 Bxc5 13. Qxc5 a4 14. e4 Nf6
15. exf5 Ra5 16. Qc2 Bxf5 17. Bd2 Rd5 18. Qxa4 Bxd3 19. Bxd3 Rxd3 20. Be3 e4
21. Ng5 Qd5 22. Nh3 Qb3 23. Qxb3 Rxb3 24. Rab1 Nd5 25. Bc5 Rf5 26. Rfe1 {
Kempinski,R (2619)-Gelfand,B (2724) Gothenburg 2005 1/2-1/2 (42)}) ({RR} 11...
Qe8 12. Bd2 Qg6 13. Nc5 Bxc5 14. Qxc5 e4 15. Ne1 Ne5 16. f4 Nd7 17. Qc2 N7f6
18. dxe4 fxe4 19. Bc4 c6 20. a4 Ng4 21. Ra3 Nb4 22. Qb3 Bxc4 23. Qxc4+ Nd5 24.
Rb3 Rf7 25. h3 Nh6 26. g4 {Nei,I (2200)-Tal,M (2615) Moscow 1979 0-1 (37)}) ({
RR} 11... g5 12. Nc5 Bxc5 13. Qxc5 g4 14. Nd2 f4 15. Re1 Rf6 16. Ne4 Rh6 17. g3
f3 18. Bf1 Nf6 19. Ng5 Bb3 20. a4 Kg7 21. Ne4 Nxe4 22. dxe4 Rd6 23. Qc3 Rd1 24.
Bd2 Rxd2 25. Qxb3 Rd6 26. Red1 {Csom,I (2460)-Seres,L (2470) Budapest 1997 0-1
(47)}) 12. Rd1 Rad8 13. d4 e4 14. Nd2 Bf7 15. Nc3 Qh6 16. Nxd5 Bxd5 17. Bc4 Kh8
18. Bxd5 Rxd5 19. Nf1 Rd6 20. b4 axb4 21. axb4 Rd7 22. Bd2 Bd6 23. b5 Ne7 24.
Ra7 b6 25. Rda1 Qe6 26. Ra8 Rdd8 27. Rxd8 Rxd8 28. Ng3 Bxg3 29. hxg3 Nd5 30.
Ra7 h6 31. Qa2 Qe8 32. Qc4 Qh5 33. Ra1 Kh7 34. Bb4 Qg6 35. Be1 h5 36. Rc1 h4
37. gxh4 f4 38. Qe2 f3 39. Qf1 Qg4 40. g3 g5 41. Kh2 gxh4 42. Qh3 Qxh3+ 43.
Kxh3 hxg3 44. Kxg3 Rg8+ 45. Kh2 Rg2+ 46. Kh1 Rg6 47. Ra1 Rg8 48. Rc1 Kg6 49.
Rc6+ Kf7 50. Rh6 Ra8 51. Rh7+ Kg6 52. Rh4 Nf6 53. Bb4 Kg5 54. Rf4 Ra1+ 55. Kh2
Ng4+ 0-1

[Event "74th Tata Steel GMA"]
[Site "Wijk aan Zee NED"]
[Date "2012.01.27"]
[Round "11"]
[White "Carlsen, M."]
[Black "Topalov, V."]
[Result "1-0"]
[WhiteElo "2835"]
[BlackElo "2770"]
[PlyCount "111"]
[EventDate "2012.01.14"]

1. e4 c5 2. Nf3 d6 3. Bb5+ Nd7 4. c3 Ngf6 5. Qe2 a6 6. Ba4 Qc7 7. O-O e5 ({RR} 
7... c4 8. Bc2 e5 9. b4 Nb6 10. a4 Be6 11. h3 h6 12. Re1 Be7 13. a5 Nbd7 14. d4
cxd3 15. Bxd3 d5 16. exd5 Nxd5 17. Ra2 O-O 18. Rc2 Rac8 19. Bd2 Rfd8 20. Na3
Bf8 21. Nc4 Nf4 22. Bxf4 {Morozevich,A (2625)-Salov,V (2670) Madrid 1996 0-1 
(59)}) ({RR} 7... c4 8. Bc2 b5 9. a4 Bb7 10. axb5 axb5 11. Rxa8+ Bxa8 12. Na3
Qb7 13. Nd4 Nxe4 14. Ndxb5 d5 15. Bxe4 dxe4 16. Nxc4 Qb8 17. d4 e6 18. g3 Bc6
19. Nba3 Bxa3 20. bxa3 O-O 21. Qb2 Bb5 22. Bf4 {Berzina,I (2320)-Volokitin,A 
(2695) Warsaw POL 2011 0-1 (53)}) 8. d4 b5 $146 ({RR} 8... Be7 9. dxe5 dxe5 10.
c4 O-O 11. Nc3 Nb6 12. Bc2 Bg4 13. b3 Ne8 14. a4 Bd6 15. h3 Bxf3 16. Qxf3 Rd8
17. Rd1 Qb8 18. Be3 Nc8 19. Bxc5 Bxc5 20. Rxd8 Nc7 21. Rxf8+ Kxf8 22. Nd5 Bd4
23. Rd1 {Shaw,J (2465)-Bleis,C (2258) Hastings 2003 1-0 (42)}) ({RR} 8... Be7
9. Bg5 O-O 10. Bxd7 Bxd7 11. dxe5 dxe5 12. c4 Bc6 13. Bxf6 Bxf6 14. Nc3 Rfd8
15. Rfd1 Be7 16. Rxd8+ Rxd8 17. Rd1 Rxd1+ 18. Qxd1 g6 19. Qd2 Kg7 20. Kf1 b5
21. Nd5 Qd6 22. b3 Bd8 23. Ke2 {Klip,H (2361)-Ruck,R (2572) Belgium 2003 1/2-1/
2}) 9. Bc2 cxd4 10. cxd4 Be7 11. Nc3 O-O 12. Bg5 h6 13. Bh4 Bb7 14. Rad1 Rac8
15. Bb3 Rfe8 16. dxe5 dxe5 17. Bg3 Bf8 18. h3 Nb6 19. Nh4 Nc4 20. Nf5 Nxb2 21.
Bh4 Nxd1 22. Bxf6 Nxc3 23. Qg4 Bxe4 24. Nxh6+ Kh7 25. Bxf7 Qxf7 26. Nxf7 gxf6
27. f4 Bg6 28. Qh4+ Kg7 29. fxe5 Ne4 30. Rxf6 Bc5+ 31. Kh2 Nxf6 32. Qxf6+ Kh7
33. Ng5+ Kh6 34. Ne6 Rxe6 35. Qxe6 Re8 36. Qf6 Be7 37. Qxa6 b4 38. Qc4 Bf8 39.
g4 Kh7 40. e6 Bd6+ 41. Kg2 Be7 42. Qc7 Kg8 43. Kg3 Kf8 44. Qf4+ Kg7 45. Qd4+
Kg8 46. h4 Rd8 47. Qc4 Bd3 48. Qc6 Bb1 49. h5 Bxa2 50. Qe4 Kh8 51. h6 Bf6 52.
e7 Re8 53. Qf4 Bg7 54. hxg7+ Kxg7 55. g5 Kg8 56. Qf6 1-0

[Event "74th Tata Steel GMA"]
[Site "Wijk aan Zee NED"]
[Date "2012.01.27"]
[Round "11"]
[White "Ivanchuk, V."]
[Black "Gelfand, B."]
[Result "0-1"]
[WhiteElo "2766"]
[BlackElo "2739"]
[PlyCount "84"]
[EventDate "2012.01.14"]

1. d4 Nf6 2. c4 e6 3. Nf3 d5 4. g3 Bb4+ 5. Bd2 Be7 6. Bg2 O-O 7. O-O c6 8. Qb3
Nbd7 9. Rc1 b6 ({RR} 9... Ne4 10. Be3 b6 11. Nc3 Nd6 12. cxd5 cxd5 13. Bf4 Bb7
14. Nb5 Nc4 15. a4 a6 16. Na3 g5 17. Be3 g4 18. Nd2 Nxe3 19. Qxe3 Bg5 20. Qd3
f5 21. e3 Be7 22. Nc2 a5 23. Na3 Nf6 24. Nb5 {Bareev,E (2726)-Shirov,A (2697)
Moscow 2002 1/2-1/2 (58)}) ({RR} 9... Ne4 10. Bb4 Bxb4 11. Qxb4 Qb6 12. Qa3 Re8
13. e3 h6 14. Nbd2 f5 15. Rc2 a5 16. b3 g5 17. Ne1 e5 18. cxd5 cxd5 19. Ndf3 f4
20. Qa4 fxe3 21. fxe3 exd4 22. Nxd4 Ndf6 23. Qb5 Qd6 24. Rac1 {El Debs,F (2496)
-Bassan,R (2291) Sao Paolo BRA 2011 1-0 (32)}) 10. cxd5 cxd5 11. Na3 $146 ({RR
} 11. Nc3 Bb7 12. a4 a6 13. a5 b5 14. Na2 Rc8 15. Rxc8 Qxc8 16. Rc1 Qa8 17. Bb4
Bxb4 18. Qxb4 Rc8 19. Ne5 Rxc1+ 20. Nxc1 Qf8 21. Qd2 Nxe5 22. dxe5 Nd7 23. Nd3
Nc5 24. Nf4 Nd7 25. e4 Nxe5 {Neverov,V (2515)-Biriukov,O (2330) St Petersburg
1996 1-0 (38)}) ({RR} 11. Bf4 Ba6 12. Nc3 Nh5 13. Be3 f5 14. Qa4 Nb8 15. Ne5
Nf6 16. b4 Ng4 17. Nxg4 fxg4 18. b5 Bb7 19. Qb3 Nd7 20. Nd1 Nf6 21. Nb2 Qd7 22.
Nd3 Bd6 23. Bf4 a5 24. a4 Rac8 25. Be5 Ne4 {Pergericht,D (2295)-Abdulghafour,Y
Manila 1992 1-0 (44)}) 11... Bb7 12. Bb4 Bxb4 13. Qxb4 a6 14. e3 Rc8 15. Bf1
Rxc1 16. Rxc1 Qb8 17. Nb1 Rc8 18. Rxc8+ Qxc8 19. Nc3 Qf8 20. Qb3 h6 21. Ne1 Qc8
22. Nc2 Ne4 23. Nxe4 dxe4 24. Qc3 Qxc3 25. bxc3 b5 26. a4 bxa4 27. Be2 Kf8 28.
Kf1 Ke7 29. Ke1 f5 30. Kd2 g5 31. c4 e5 32. Kc3 f4 33. h3 exd4+ 34. Nxd4 f3 35.
Bf1 Nc5 36. Kb4 Nd3+ 37. Bxd3 exd3 38. Kc3 Be4 39. c5 Kd7 40. g4 Kc7 41. Kd2 a3
42. Nb3 Bd5 0-1

[Event "74th Tata Steel GMA"]
[Site "Wijk aan Zee NED"]
[Date "2012.01.28"]
[Round "12"]
[White "Karjakin, Sergey"]
[Black "Gashimov, V."]
[Result "1/2-1/2"]
[WhiteElo "2769"]
[BlackElo "2761"]
[PlyCount "53"]
[EventDate "2012.01.14"]

1. d4 Nf6 2. c4 e6 3. Nf3 b6 4. g3 Ba6 5. b3 Bb4+ 6. Bd2 Be7 7. Nc3 O-O 8. e4
d5 9. cxd5 Bxf1 10. Kxf1 exd5 11. e5 Ne4 12. Kg2 Qd7 13. Qc2 Nxd2 14. Qxd2 Nc6
15. h4 Rac8 $146 ({RR} 15... Nd8 16. Qd3 Ne6 17. Ng5 Bxg5 18. hxg5 Nxg5 19. f4
Ne4 20. Nxe4 dxe4 21. Qxe4 f5 22. exf6 {1/2-1/2 (22) Van Wely,L (2655)-Adams,M
(2699) London 2009}) 16. Rae1 Nd8 17. Ng5 Ne6 18. f4 c5 19. dxc5 Rxc5 20. Qd3
Bxg5 21. hxg5 Nxf4+ 22. gxf4 Qg4+ 23. Kf2 Qxf4+ 24. Kg2 Qg4+ (24... Qxg5+ 25.
Kf3 Qg6) 25. Kf2 Qf4+ 26. Kg2 Qg4+ 27. Kf2 1/2-1/2

[Event "74th Tata Steel GMA"]
[Site "Wijk aan Zee NED"]
[Date "2012.01.28"]
[Round "12"]
[White "Topalov, V."]
[Black "Giri, A."]
[Result "1-0"]
[WhiteElo "2770"]
[BlackElo "2714"]
[PlyCount "93"]
[EventDate "2012.01.14"]

1. e4 e5 2. Nf3 Nf6 3. Nxe5 d6 4. Nf3 Nxe4 5. Nc3 Nxc3 6. dxc3 Be7 7. Be3 Nc6
8. Qd2 Be6 9. O-O-O Qd7 10. Kb1 Bf6 ({RR} 10... a6 11. h4 h6 12. Nd4 Nxd4 13.
Bxd4 Rg8 14. c4 O-O-O 15. Qc3 g6 16. Be2 Rge8 17. Be3 h5 18. Qd4 c5 19. Qc3 Bg4
20. Bxg4 Qxg4 21. g3 Qf3 22. Rhe1 Bf6 23. Qb3 Re6 24. a3 Rde8 25. Rg1 {
Abrahamyan,T (2287)-Haessel,D (2190) Fremont USA 2012 1-0 (43)}) 11. Bg5 ({RR} 
11. h4 O-O-O 12. Nd4 Nxd4 13. Bxd4 Be5 14. f4 Bxd4 15. Qxd4 c5 16. Qf2 Rhe8 17.
Bd3 Bf5 {1/2-1/2 (17) Anand,V (2817)-Gashimov,V (2746) Monaco MNC 2011}) ({RR} 
11. h4 h6 12. b3 O-O-O 13. Nd4 a6 14. Nxe6 fxe6 15. g4 Ne5 16. Be2 Qc6 17. f4
Ng6 18. h5 Bxc3 19. Qd3 Ne7 20. Bc1 d5 21. Bf3 e5 22. fxe5 Bxe5 23. g5 hxg5 24.
Bxg5 Bf6 25. Rhg1 Rhf8 {Karjakin,S (2776)-Giri,A (2690) Monaco MNC 2011 1/2-1/
2 (38)}) 11... Qe7 12. Bb5 a6 13. Bxc6+ $146 ({RR} 13. Ba4 b5 14. Bb3 Ne5 15.
Bxf6 Nxf3 16. Qe3 Qxf6 17. Bd5 Rb8 18. Bc6+ Ke7 19. Qa7 Rhc8 20. Bxf3 Rb6 21.
Bb7 Re8 22. Rhe1 Kf8 23. Bxa6 Qd8 24. a4 bxa4 25. Ka1 Qb8 26. Qxb8 Rexb8 27.
Bd3 Rxb2 {Ivanchuk,V (2779)-Gashimov,V (2746) Monaco MNC 2011 0-1}) 13... bxc6
14. Qf4 Bxg5 15. Nxg5 O-O 16. Rde1 Qd7 17. f3 h6 18. Nxe6 fxe6 19. Qg4 Rf5 20.
Re2 e5 21. Rd1 Qf7 22. Qb4 Qd7 23. Qa4 Kh8 24. c4 Qe8 25. Rd3 Rf4 26. Qa5 Qe7
27. c5 Rf6 28. Qc3 Qe8 29. b3 Rb8 30. a4 Ra8 31. Re4 Qc8 32. Qd2 Qf8 33. Qa5
Qe7 34. Rde3 Qd7 35. Re1 Rf5 36. Qc3 Rd8 37. g3 Rf7 38. cxd6 cxd6 39. f4 exf4
40. gxf4 c5 41. Re6 Rxf4 42. Rxh6+ Kg8 43. Qd2 Rf7 44. Rg1 c4 45. Qg5 Rdf8 46.
Qh5 Rf1+ 47. Kb2 1-0

[Event "74th Tata Steel GMA"]
[Site "Wijk aan Zee NED"]
[Date "2012.01.28"]
[Round "12"]
[White "Radjabov, T."]
[Black "Ivanchuk, V."]
[Result "1/2-1/2"]
[WhiteElo "2773"]
[BlackElo "2766"]
[PlyCount "40"]
[EventDate "2012.01.14"]

1. d4 Nf6 2. c4 c5 3. d5 b5 4. cxb5 a6 5. b6 d6 6. Nc3 Nbd7 7. e4 g6 8. Nf3 Bg7
9. Be2 Nxb6 10. O-O O-O 11. a4 Bg4 12. a5 Bxf3 13. Bxf3 $146 ({RR} 13. gxf3
Nbd7 14. Kh1 Ne8 15. Rg1 Nc7 16. Qf1 f5 17. exf5 Rxf5 18. Ra4 Nf8 19. Qh3 Rh5
20. Qg2 Qe8 21. Re4 Rf5 22. Bg5 e6 23. f4 Nxd5 24. Nxd5 Rxd5 25. Rxe6 Nxe6 26.
Qxd5 Kh8 27. Bf3 Nc7 {Bayram,Y (2296)-Cherniaev,A (2501) Istanbul 2003 1-0 (59)
}) 13... Nc4 14. Qa4 Ne5 15. Be2 Ne8 16. Bg5 Nc7 17. f4 Nd7 18. e5 f6 19. exf6
Bxf6 20. Bxf6 Nxf6 1/2-1/2

[Event "74th Tata Steel GMA"]
[Site "Wijk aan Zee NED"]
[Date "2012.01.28"]
[Round "12"]
[White "Gelfand, B."]
[Black "Aronian, L."]
[Result "0-1"]
[WhiteElo "2739"]
[BlackElo "2805"]
[PlyCount "106"]
[EventDate "2012.01.14"]

1. d4 d5 2. c4 e6 3. Nc3 Be7 4. Bf4 Nf6 5. e3 O-O 6. a3 ({RR} 6. Rc1 dxc4 7.
Bxc4 a6 8. Bd3 Bd6 9. Bg5 h6 10. Bh4 Nbd7 11. Nf3 Be7 12. O-O c5 13. dxc5 Nxc5
14. Bb1 Qxd1 15. Rfxd1 Re8 16. Ne5 b5 17. Nc6 Bf8 18. f3 g5 19. Bf2 Bd7 20. Ne5
Bc8 {Kasparov,G (2812)-Karpov,A (2619) Valencia 2009 1-0 (56)}) 6... Nbd7 ({RR
} 6... a6 7. c5 b6 8. b4 Ne4 9. Qc2 Nxc3 10. Qxc3 a5 11. Nf3 c6 12. Ne5 f6 13.
Nd3 Nd7 14. Be2 Ba6 15. Bg3 Bxd3 16. Bxd3 axb4 17. axb4 Rxa1+ 18. Qxa1 Qa8 19.
O-O b5 20. e4 g6 21. Qb2 {Shimanov,A (2586)-Hemant,S (2247) Chennai IND 2011
1-0 (34)}) 7. Nb5 Ne8 $146 ({RR} 7... dxc4 8. Nxc7 Rb8 9. Nf3 b5 10. Nxe6 Qa5+
11. Qd2 b4 12. Bxc4 Ne4 13. Qc1 bxa3+ 14. Ke2 Ba6 15. Bxb8 Rxb8 16. b3 fxe6 17.
Bxa6 Qxa6+ 18. Qc4 Qxc4+ 19. bxc4 Bb4 20. c5 Kf8 21. Ne1 a5 22. Nc2 {Lischer,T
(1505)-Krueger,I (1306) Dortmund 2002 1-0 (46)}) 8. Nf3 c6 9. Nc3 f5 10. h3 Nd6
11. cxd5 exd5 12. Bd3 Nf6 13. Ne5 Nfe4 14. O-O Nf7 15. Qc2 Bd6 16. Bh2 Nxe5 17.
Bxe5 Bxe5 18. dxe5 a5 19. Na4 b5 20. Nc5 Qe7 21. Rac1 Qxe5 22. f4 Qd6 23. Bxe4
fxe4 24. Nb3 Bd7 25. Qc5 Qg6 26. Kh2 h5 27. Nd4 Rac8 28. b4 axb4 29. axb4 h4
30. Ne2 Rf6 31. Ra1 Rcf8 32. Qe7 R8f7 33. Qd8+ Kh7 34. Rg1 Qh6 35. Ra7 Rf8 36.
Qc7 R6f7 37. Qe5 Re8 38. Qc3 g5 39. Rf1 Qd6 40. Kg1 Ref8 41. Qc5 Qh6 42. f5 Kg8
43. f6 g4 44. hxg4 h3 45. Nf4 hxg2 46. Kxg2 Qxf6 47. Kg3 Rh7 48. g5 Qxg5+ 49.
Kf2 Rxf4+ 50. exf4 Rh2+ 51. Ke3 Qg3+ 52. Kd4 Qg7+ 53. Ke3 Rh3+ 0-1

[Event "74th Tata Steel GMA"]
[Site "Wijk aan Zee NED"]
[Date "2012.01.28"]
[Round "12"]
[White "Navara, D."]
[Black "Caruana, F."]
[Result "1/2-1/2"]
[WhiteElo "2712"]
[BlackElo "2736"]
[PlyCount "128"]
[EventDate "2012.01.14"]

1. e4 e5 2. Nf3 Nc6 3. Bb5 a6 4. Ba4 Nf6 5. O-O b5 6. Bb3 Bc5 7. c3 d6 8. d4
Bb6 9. Be3 O-O 10. Nbd2 h6 11. h3 Re8 12. Re1 Bd7 13. Bc2 Qb8 ({RR} 13... Rb8
14. a3 Qe7 15. b4 Rbd8 16. Rc1 a5 17. d5 Nb8 18. Bxb6 cxb6 19. Qe2 Nh5 20. Qe3
Nf4 21. h4 Qf6 22. g3 Rc8 23. gxf4 exf4 24. Qd4 Qg6+ 25. Kh1 Qh5 26. e5 Qg4 27.
Nh2 Qxh4 28. exd6 {Navara,D (2722)-Onischuk,A (2675) Khanty-Mansiysk RUS 2011
1-0}) 14. a3 $146 ({RR} 14. Nf1 exd4 15. cxd4 Nb4 16. Ng3 Nxc2 17. Qxc2 Qb7 18.
d5 c6 19. dxc6 Bxc6 20. Bxb6 Qxb6 21. Rad1 Qb7 22. Rd4 Re6 23. Re3 Rae8 24. Nd2
Qb6 25. Qc3 Qc5 26. Nf5 Qxc3 27. Rxc3 Bxe4 28. Nxd6 R8e7 {Bologan,V (2665)
-Ganguly,S (2625) Melilla ESP 2011 1/2-1/2 (87)}) 14... a5 15. Bd3 Qa7 16. Bxb5
exd4 17. cxd4 Nxd4 18. Bxd7 Nxd7 19. Nxd4 Bxd4 20. Rc1 Bxe3 21. Rxe3 a4 22. Nf3
Rab8 23. Rc2 Nc5 24. Nd4 Qb7 25. Nf5 g6 26. Nxh6+ Kg7 27. Ng4 Nb3 28. Rc4 Re6
29. Rxa4 c5 30. Rc4 Nd4 31. b4 Rxe4 32. bxc5 dxc5 33. Rxc5 Rf4 34. Rd3 Rd8 35.
Qa1 Kh7 36. Nf6+ Kg7 37. Ng4 Kh7 38. Qf1 Ne2+ 39. Qxe2 Qb1+ 40. Kh2 Qxd3 41.
Qe7 Qd6 42. Qh4+ Kg7 43. Rc6 Qxc6 44. Qxd8 Qc5 45. Qd2 Qd4 46. Qc1 Rf5 47. Kg1
Rc5 48. Qh6+ Kg8 49. Qe3 Qxe3 50. Nxe3 Rc3 51. h4 Rxa3 52. g3 Kg7 53. Kg2 Kf6
54. Nd5+ Ke5 55. Nf4 Kf5 56. Nh3 Ra2 57. Kf3 f6 58. Nf4 Ra3+ 59. Kg2 g5 60.
hxg5 fxg5 61. Nd5 Ke5 62. Ne3 Ke4 63. Ng4 Ra2 64. Nf6+ Kf5 1/2-1/2